| 000 | 01233nam0a2200337 4500 | ||
|---|---|---|---|
| 001 | RU\NLR\bibl\835807 | ||
| 005 | 20250614143320.0 | ||
| 021 |
_aRU _b2006-2354 _9105 |
||
| 035 | _a(NLR Aleph) 000824648 | ||
| 090 |
_a1322919 _c1322919 |
||
| 100 | _a20050901d2005 |||y0rusy50 ca | ||
| 101 | 0 | _arus | |
| 102 | _aRU | ||
| 105 | _ay ||||||||| | ||
| 200 | 1 |
_aОрдена и медали Российской Федерации _e[приложения] _fМ.В. Музалевский |
|
| 210 |
_aМосква _cКавалеръ _d2005 |
||
| 215 |
_a146,[1] с. _d20 |
||
| 225 | 1 | _aБиблиотека журнала "Кавалеръ" | |
| 320 | _aБиблиогр.: с. 141-144 | ||
| 606 | 1 |
_aОрдена _yРоссийская Федерация _92388947 _3RU\NLR\auth\661424819 |
|
| 606 | 1 |
_aМедали _yРоссийская Федерация _92157937 _3RU\NLR\auth\661298942 |
|
| 686 | _aЦ4,6(2)243.6 | ||
| 686 | _aТ226(2)74 | ||
| 700 | 1 |
_aМузалевский _bМ. В. _gМихаил Валентинович _4070 |
|
| 801 | 0 |
_aRU _bNLR _c20050901 _grcr |
|
| 801 | 1 |
_aRU _bNLR _c20050901 |
|
| 830 | _aАвт. по кн. | ||
| 942 | _cBOOK | ||
| 980 | _aNB | ||